[Event "GBR-ch111 Major Open"]
[Site "Liverpool"]
[Date "2025.08.07"]
[Round "6.37"]
[White "Garnett, John S"]
[Black "McCarthy, Damian M"]
[Result "1-0"]
[WhiteElo "1816"]
[BlackElo "1924"]
[PlyCount "97"]
[EventDate "2025.08.02"]
[EventType "swiss"]
[EventRounds "9"]
[EventCountry "GBR"]
[SourceTitle "BritBase"]
[Source "John Saunders"]
[SourceDate "2025.08.11"]
[SourceVersion "1"]
[SourceVersionDate "2025.08.11"]
[SourceQuality "1"]

1. d4 Nf6 2. Bg5 e6 3. e4 h6 4. Bxf6 Qxf6 5. Nc3 d6 6. Qd2 g5 7. O-O-O Bg7 8. g3 Nc6 9. Nb5 Qe7 10. d5 Nb8 11. f4 Na6 12. Nf3 Nc5 13. e5 a6 14. exd6 cxd6 15. Nc3 g4 16. Nd4 Bd7 17. dxe6 fxe6 18. Re1 Qf6 19. Nb3 Nxb3+ 20. axb3 O-O-O 21. Bg2 d5 22. h3 h5 23. hxg4 hxg4 24. Qe2 Qf5 25. Nd1 Rdg8 26. Ne3 Qf6 27. c3 Rxh1 28. Rxh1 Bh8 29. Nxg4 Qg7 30. Bf3 Kb8 31. Rg1 Qf8 32. Ne5 Qd6 33. Nf7 Qc5 34. Qe1 Bf6 35. g4 Rc8 36. Ne5 Be8 37. Rh1 d4 38. c4 a5 39. Nd3 Qb6 40. Rh7 Bc6 41. Bxc6 Rxc6 42. Ne5 Bxe5 43. Qxe5+ Ka7 44. Rh8 Qxb3 45. Qxd4+ Rb6 46. Re8 a4 47. Rxe6 a3 48. Rxb6 axb2+ 49. Qxb2 1-0

[Event "GBR-ch111 Major Open"]
[Site "Liverpool"]
[Date "2025.08.07"]
[Round "6.38"]
[White "Chapman, Luke"]
[Black "Gunatilake, Vinuda"]
[Result "1/2-1/2"]
[WhiteElo "1921"]
[BlackElo "1851"]
[PlyCount "21"]
[EventDate "2025.08.02"]
[EventType "swiss"]
[EventRounds "9"]
[EventCountry "GBR"]
[SourceTitle "BritBase"]
[Source "John Saunders"]
[SourceDate "2025.08.11"]
[SourceVersion "1"]
[SourceVersionDate "2025.08.11"]
[SourceQuality "1"]

1. e4 c5 2. Be2 Nc6 3. d3 e6 4. f4 Nge7 5. Nf3 d5 6. O-O b6 7. c3 Bb7 8. Kh1 dxe4 9. dxe4 Qxd1 10. Rxd1 Rd8 11. Rxd8+ 1/2-1/2

[Event "GBR-ch111 Major Open"]
[Site "Liverpool"]
[Date "2025.08.07"]
[Round "6.39"]
[White "Keely, Leo A"]
[Black "Ranasinghe, Chaniru"]
[Result "1-0"]
[WhiteElo "1906"]
[BlackElo "1642"]
[PlyCount "97"]
[EventDate "2025.08.02"]
[EventType "swiss"]
[EventRounds "9"]
[EventCountry "GBR"]
[SourceTitle "BritBase"]
[Source "John Saunders"]
[SourceDate "2025.08.11"]
[SourceVersion "1"]
[SourceVersionDate "2025.08.11"]
[SourceQuality "1"]

1. d4 Nf6 2. Bg5 g6 3. Bxf6 exf6 4. e3 Bg7 5. Bd3 O-O 6. Ne2 d6 7. h4 Nd7 8. h5 c6 9. c3 f5 10. Nd2 Nf6 11. hxg6 fxg6 12. Qb3+ d5 13. O-O-O Qb6 14. Qc2 c5 15. dxc5 Qxc5 16. Nd4 Ng4 17. N2b3 Qe7 18. g3 Bd7 19. Rde1 Ba4 20. Nxf5 gxf5 21. Bxf5 Rxf5 22. Qxf5 Qe4 23. Qxe4 dxe4 24. Nc5 Bc6 25. Re2 Rf8 26. Rh4 Nxf2 27. Rd2 Be5 28. Ne6 Bxg3 29. Rh5 Rf6 30. Rg5+ Rg6 31. Rxg3 Rxg3 32. Rxf2 h5 33. Kd2 h4 34. Nf4 h3 35. Rh2 Bd7 36. c4 Kf7 37. a4 Ke7 38. c5 Bf5 39. b4 Kd7 40. b5 b6 41. c6+ Kd6 42. Kc2 Rxe3 43. Rd2+ Ke5 44. Rd5+ Kxf4 45. Rxf5+ Kg3 46. c7 h2 47. c8=Q h1=Q 48. Qg8+ Kh2 49. Rf2+ 1-0

[Event "GBR-ch111 Major Open"]
[Site "Liverpool"]
[Date "2025.08.07"]
[Round "6.40"]
[White "Mortazavi, Sami"]
[Black "Rughani, Mahin"]
[Result "0-1"]
[WhiteElo "1805"]
[BlackElo "1906"]
[PlyCount "84"]
[EventDate "2025.08.02"]
[EventType "swiss"]
[EventRounds "9"]
[EventCountry "GBR"]
[SourceTitle "BritBase"]
[Source "John Saunders"]
[SourceDate "2025.08.11"]
[SourceVersion "1"]
[SourceVersionDate "2025.08.11"]
[SourceQuality "1"]

1. e4 c6 2. d4 d5 3. e5 Bf5 4. Bd3 Bxd3 5. Qxd3 e6 6. Ne2 Qa5+ 7. c3 Qa6 8. Qd1 c5 9. Nd2 Nc6 10. Nf3 Rc8 11. a3 b5 12. O-O c4 13. Ne1 Qb6 14. f4 Nge7 15. g4 h5 16. h3 Kd7 17. Nf3 Nd8 18. a4 a6 19. axb5 axb5 20. Qc2 g6 21. Ng3 hxg4 22. hxg4 Bh6 23. Bd2 Nb7 24. b3 cxb3 25. Qxb3 Na5 26. Qb4 Nc4 27. Bc1 Nc6 28. Qb3 N6a5 29. Qd1 Rb8 30. Rb1 Nc6 31. Rf2 Qa5 32. Bd2 Nxd2 33. Qxd2 b4 34. c4 dxc4 35. Ne4 b3 36. Qd1 Nb4 37. Ra1 Qb6 38. Nfg5 Nd3 39. Rh2 Qxd4+ 40. Kf1 Bxg5 41. Rxh8 Rxh8 42. Qf3 Qxa1+ 0-1

[Event "GBR-ch111 Major Open"]
[Site "Liverpool"]
[Date "2025.08.07"]
[Round "6.41"]
[White "Sedykh, Stakhey"]
[Black "Lukhi, Neev"]
[Result "0-1"]
[WhiteElo "1756"]
[BlackElo "1869"]
[PlyCount "97"]
[EventDate "2025.08.02"]
[EventType "swiss"]
[EventRounds "9"]
[EventCountry "GBR"]
[SourceTitle "BritBase"]
[Source "John Saunders"]
[SourceDate "2025.08.11"]
[SourceVersion "1"]
[SourceVersionDate "2025.08.11"]
[SourceQuality "1"]

1. d4 Nf6 2. c4 e6 3. Nc3 Bb4 4. Qc2 O-O 5. Bg5 d6 6. a3 Bxc3+ 7. Qxc3 Nbd7 8. Nf3 b6 9. e3 Bb7 10. Bd3 Re8 11. Qc2 h6 12. Bxf6 Qxf6 13. e4 c5 14. Qc3 cxd4 15. Qxd4 Qxd4 16. Nxd4 Nc5 17. Ke2 Nxe4 18. Nb5 Red8 19. Rhd1 Nf6 20. f3 d5 21. cxd5 Nxd5 22. Bc2 Ba6 23. a4 Rac8 24. Be4 f5 25. Bxd5 exd5 26. Rac1 Rc5 27. Ke3 Bxb5 28. Rxc5 bxc5 29. axb5 Kf7 30. Rc1 Rc8 31. Ra1 Rc7 32. Ra6 Rb7 33. Ra5 Kf6 34. Ra6+ Rb6 35. Ra5 g5 36. g3 Ke6 37. f4 d4+ 38. Kd3 gxf4 39. gxf4 Kd5 40. b3 Rb7 41. h3 h5 42. h4 Rb6 43. Rxa7 Rxb5 44. Re7 Rxb3+ 45. Kd2 Re3 46. Rf7 Ke4 47. Rc7 Kxf4 48. Rxc5 Rc3 49. Rd5 0-1

[Event "GBR-ch111 Major Open"]
[Site "Liverpool"]
[Date "2025.08.07"]
[Round "6.43"]
[White "Parikh, Naavya"]
[Black "Owen, Dennis"]
[Result "1-0"]
[WhiteElo "1800"]
[BlackElo "1974"]
[PlyCount "41"]
[EventDate "2025.08.02"]
[EventType "swiss"]
[EventRounds "9"]
[EventCountry "GBR"]
[SourceTitle "BritBase"]
[Source "John Saunders"]
[SourceDate "2025.08.11"]
[SourceVersion "1"]
[SourceVersionDate "2025.08.11"]
[SourceQuality "1"]

1. e4 c6 2. d4 d5 3. exd5 cxd5 4. c4 e6 5. c5 b6 6. b4 bxc5 7. bxc5 Nf6 8. Nf3 Be7 9. Ne5 O-O 10. Bd3 Qc7 11. Bf4 Qd8 12. O-O Bd7 13. Nd2 Nc6 14. Ndf3 Ne4 15. Nxc6 Bxc6 16. Ne5 Qc8 17. f3 Nf6 18. Qe2 Nd7 19. Ba6 Qc7 20. Ng6 Qa5 21. Nxe7+ 1-0

[Event "GBR-ch111 Major Open"]
[Site "Liverpool"]
[Date "2025.08.07"]
[Round "6.44"]
[White "Whittington, Reece W"]
[Black "Freeman, Luke"]
[Result "0-1"]
[WhiteElo "1778"]
[BlackElo "1963"]
[PlyCount "36"]
[EventDate "2025.08.02"]
[EventType "swiss"]
[EventRounds "9"]
[EventCountry "GBR"]
[SourceTitle "BritBase"]
[Source "John Saunders"]
[SourceDate "2025.08.11"]
[SourceVersion "1"]
[SourceVersionDate "2025.08.11"]
[SourceQuality "1"]

1. e4 c5 2. d4 cxd4 3. c3 Nf6 4. e5 Nd5 5. cxd4 d6 6. Nf3 Nc6 7. Bb5 Qa5+ 8. Nc3 Nxc3 9. Bxc6+ bxc6 10. bxc3 Qxc3+ 11. Bd2 Qd3 12. Rc1 Bd7 13. exd6 exd6 14. Rc3 Qa6 15. Re3+ Be7 16. Ng5 h6 17. Bb4 hxg5 18. Bxd6 Be6 0-1

[Event "GBR-ch111 Major Open"]
[Site "Liverpool"]
[Date "2025.08.07"]
[Round "6.45"]
[White "Mokhber-Garcia, Sebastian"]
[Black "Sahoo, Shivam"]
[Result "1/2-1/2"]
[WhiteElo "1962"]
[BlackElo "1791"]
[PlyCount "66"]
[EventDate "2025.08.02"]
[EventType "swiss"]
[EventRounds "9"]
[EventCountry "GBR"]
[SourceTitle "BritBase"]
[Source "John Saunders"]
[SourceDate "2025.08.11"]
[SourceVersion "1"]
[SourceVersionDate "2025.08.11"]
[SourceQuality "1"]

1. Nf3 Nf6 2. g3 g6 3. Bg2 Bg7 4. d4 d5 5. c4 c6 6. O-O O-O 7. a4 Nbd7 8. b3 b6 9. Nbd2 Bb7 10. Bb2 Rc8 11. Re1 Re8 12. Qc2 c5 13. a5 Qc7 14. a6 Bc6 15. dxc5 bxc5 16. cxd5 Nxd5 17. Bxg7 Kxg7 18. e4 Nb4 19. Qc3+ Kg8 20. Nc4 Bb5 21. e5 Nb6 22. e6 f6 23. Nce5 N6d5 24. Qd2 fxe5 25. Nxe5 Nf6 26. Qh6 Nc2 27. Nxg6 Nxe1 28. Rxe1 Qa5 29. Rc1 hxg6 30. Qxg6+ Kh8 31. Qh6+ Kg8 32. Qg5+ Kh8 33. Qh6+ Kg8 1/2-1/2

[Event "GBR-ch111 Major Open"]
[Site "Liverpool"]
[Date "2025.08.07"]
[Round "6.46"]
[White "Vaidyanathan, Sathya"]
[Black "Pyun, Lindsay"]
[Result "1/2-1/2"]
[WhiteElo "1915"]
[BlackElo "1762"]
[PlyCount "40"]
[EventDate "2025.08.02"]
[EventType "swiss"]
[EventRounds "9"]
[EventCountry "GBR"]
[SourceTitle "BritBase"]
[Source "John Saunders"]
[SourceDate "2025.08.11"]
[SourceVersion "1"]
[SourceVersionDate "2025.08.11"]
[SourceQuality "1"]

1. e4 e5 2. Nf3 Nc6 3. d4 exd4 4. Nxd4 Bc5 5. Nb3 Bb4+ 6. c3 Be7 7. Be3 Nf6 8. N1d2 d5 9. Qc2 O-O 10. O-O-O Qe8 11. Bd3 Be6 12. h3 Nxe4 13. Nxe4 dxe4 14. Bxe4 f5 15. Bd5 Bxd5 16. Rxd5 f4 17. Bc5 b6 18. Bxe7 Qxe7 19. Qd3 Rf7 20. Rd1 Re8 1/2-1/2

[Event "GBR-ch111 Major Open"]
[Site "Liverpool"]
[Date "2025.08.07"]
[Round "6.47"]
[White "Melia, Alfie"]
[Black "Korsinskij, Nikolas"]
[Result "1/2-1/2"]
[WhiteElo "1904"]
[BlackElo "1674"]
[PlyCount "64"]
[EventDate "2025.08.02"]
[EventType "swiss"]
[EventRounds "9"]
[EventCountry "GBR"]
[SourceTitle "BritBase"]
[Source "John Saunders"]
[SourceDate "2025.08.11"]
[SourceVersion "1"]
[SourceVersionDate "2025.08.11"]
[SourceQuality "1"]

1. d4 Nf6 2. c4 e6 3. Nc3 Bb4 4. e3 Ne4 5. Qc2 d5 6. Bd3 Nxc3 7. bxc3 dxc4 8. Bxc4 Be7 9. Nf3 Nd7 10. O-O c6 11. e4 Qc7 12. Be3 b6 13. Nd2 Bb7 14. a4 c5 15. Qb3 Nf6 16. f3 O-O 17. Rab1 Rab8 18. g3 Nd7 19. Rfe1 Bd6 20. e5 Be7 21. Bd3 Rfd8 22. Be4 Nf8 23. Bxb7 Rxb7 24. Ne4 c4 25. Qc2 Rd5 26. h4 b5 27. h5 Qc6 28. h6 g6 29. a5 Nd7 30. Rb4 Bxb4 31. cxb4 f5 32. Nc3 Nb8 1/2-1/2

[Event "GBR-ch111 Major Open"]
[Site "Liverpool"]
[Date "2025.08.07"]
[Round "6.48"]
[White "Nitish, Brunth Sundar"]
[Black "Wilkinson, Daniel"]
[Result "0-1"]
[WhiteElo "1782"]
[BlackElo "1889"]
[PlyCount "80"]
[EventDate "2025.08.02"]
[EventType "swiss"]
[EventRounds "9"]
[EventCountry "GBR"]
[SourceTitle "BritBase"]
[Source "John Saunders"]
[SourceDate "2025.08.11"]
[SourceVersion "1"]
[SourceVersionDate "2025.08.11"]
[SourceQuality "1"]

1. d4 Nf6 2. Bf4 c5 3. e3 Qb6 4. Nc3 d6 5. Nf3 g6 6. h3 Bg7 7. Be2 O-O 8. O-O Nbd7 9. Rb1 a6 10. Re1 Qc7 11. a4 b6 12. Bh2 Bb7 13. Bd3 e5 14. dxe5 Nxe5 15. Be2 Bc6 16. Nxe5 dxe5 17. Bf3 Rfd8 18. Qe2 Nd5 19. Nxd5 Bxd5 20. Red1 Bxf3 21. Qxf3 b5 22. axb5 axb5 23. Ra1 Rxd1+ 24. Qxd1 Rd8 25. Qe2 Qd7 26. Bg3 e4 27. Ra5 c4 28. b3 Bc3 29. Ra6 Qb7 30. Ra2 Rd2 31. Qe1 Rxc2 32. Qb1 Rxa2 33. Qxa2 b4 34. Bf4 Kg7 35. g4 Qd5 36. bxc4 Qd1+ 37. Kh2 b3 38. Qa4 Qc2 39. Qb5 Qxf2+ 40. Kh1 b2 0-1

[Event "GBR-ch111 Major Open"]
[Site "Liverpool"]
[Date "2025.08.07"]
[Round "6.49"]
[White "Taylor, Matthew"]
[Black "Gorskovs, Andrejs"]
[Result "0-1"]
[WhiteElo "1762"]
[BlackElo "1844"]
[PlyCount "90"]
[EventDate "2025.08.02"]
[EventType "swiss"]
[EventRounds "9"]
[EventCountry "GBR"]
[SourceTitle "BritBase"]
[Source "John Saunders"]
[SourceDate "2025.08.11"]
[SourceVersion "1"]
[SourceVersionDate "2025.08.11"]
[SourceQuality "1"]

1. c4 e5 2. Nc3 Nf6 3. g3 c6 4. e4 d5 5. cxd5 cxd5 6. exd5 Nxd5 7. Nxd5 Qxd5 8. Qf3 e4 9. Qb3 Qxb3 10. axb3 Nc6 11. Bb5 Bd7 12. f3 Nd4 13. Bxd7+ Kxd7 14. Ra4 Nxf3+ 15. Nxf3 exf3 16. O-O Bc5+ 17. d4 b5 18. dxc5 bxa4 19. bxa4 Rab8 20. Rxf3 Rhf8 21. b3 Kc6 22. Bf4 Rb7 23. Bd6 Re8 24. Rf4 Re3 25. b4 a6 26. b5+ axb5 27. axb5+ Kxb5 28. Rb4+ Kc6 29. Rxb7 Kxb7 30. Kf2 Rb3 31. h4 h5 32. Kg2 Kc6 33. Kf2 Kd5 34. Kg2 Rc3 35. Kf2 Ke4 36. Kg2 Rc2+ 37. Kh3 Kf3 38. Be7 f6 39. Bf8 g5 40. hxg5 fxg5 41. Bd6 h4 42. Bb8 hxg3 43. Bxg3 g4+ 44. Kh4 Rxc5 45. Bd6 Rc1 0-1

[Event "GBR-ch111 Major Open"]
[Site "Liverpool"]
[Date "2025.08.07"]
[Round "6.50"]
[White "Wainwright, Charlie"]
[Black "Sheikh, Anum"]
[Result "1/2-1/2"]
[WhiteElo "1743"]
[BlackElo "1842"]
[PlyCount "95"]
[EventDate "2025.08.02"]
[EventType "swiss"]
[EventRounds "9"]
[EventCountry "GBR"]
[SourceTitle "BritBase"]
[Source "John Saunders"]
[SourceDate "2025.08.11"]
[SourceVersion "1"]
[SourceVersionDate "2025.08.11"]
[SourceQuality "1"]

1. d4 d5 2. Bf4 Nf6 3. e3 Bf5 4. Nf3 e6 5. c3 Nbd7 6. Bd3 Bxd3 7. Qxd3 a6 8. Nbd2 Be7 9. h3 c5 10. O-O O-O 11. Ne5 Rc8 12. Rfe1 Nb6 13. Rac1 cxd4 14. exd4 Nh5 15. Bh2 Bg5 16. Rcd1 Bf4 17. g3 Bxd2 18. Qxd2 Nf6 19. f3 Nc4 20. Nxc4 Rxc4 21. g4 Nd7 22. Re2 Rc6 23. Qd3 b5 24. f4 Nb6 25. Rf1 f5 26. g5 Qe8 27. Rfe1 Qg6 28. Qf3 Kf7 29. h4 h5 30. Qd3 Na4 31. Rd2 Re8 32. Bg3 Nb6 33. Rg2 Nc8 34. Rge2 Nd6 35. Kh2 Ne4 36. Rc2 Rb8 37. Rec1 Kg8 38. b3 Qf7 39. c4 bxc4 40. bxc4 dxc4 41. Rxc4 Rb2+ 42. R1c2 Rxc4 43. Qxc4 Rxc2+ 44. Qxc2 Qb7 45. Be1 Kh7 46. Ba5 Qd5 47. Qe2 Qxa5 48. Qxh5+ 1/2-1/2

[Event "GBR-ch111 Major Open"]
[Site "Liverpool"]
[Date "2025.08.07"]
[Round "6.51"]
[White "Nus, Jonah Bram Erik"]
[Black "Hanlon, Shay"]
[Result "1/2-1/2"]
[WhiteElo "1724"]
[BlackElo "1809"]
[PlyCount "70"]
[EventDate "2025.08.02"]
[EventType "swiss"]
[EventRounds "9"]
[EventCountry "GBR"]
[SourceTitle "BritBase"]
[Source "John Saunders"]
[SourceDate "2025.08.11"]
[SourceVersion "1"]
[SourceVersionDate "2025.08.11"]
[SourceQuality "1"]

1. e4 c6 2. d4 d5 3. f3 Qb6 4. Nc3 dxe4 5. fxe4 e5 6. Nf3 exd4 7. Nxd4 Bc5 8. Na4 Qa5+ 9. c3 Be7 10. b4 Qe5 11. Qd3 Nf6 12. Be2 Qxe4 13. O-O Qxd3 14. Bxd3 O-O 15. b5 cxb5 16. Nxb5 Na6 17. c4 Rd8 18. Be2 Be6 19. Nb2 Bc5+ 20. Kh1 Nd7 21. Bf3 Nb4 22. Nc7 Rac8 23. Nxe6 fxe6 24. Bxb7 Rb8 25. Bf3 Nc2 26. Rb1 Na3 27. Ra1 Bd4 28. Rd1 Bxb2 29. Bxb2 Rxb2 30. Bc6 Nxc4 31. Bxd7 Kf8 32. Bxe6 Rxd1+ 33. Rxd1 Ne3 34. Rg1 Ke7 35. Bb3 Kf6 1/2-1/2

[Event "GBR-ch111 Major Open"]
[Site "Liverpool"]
[Date "2025.08.07"]
[Round "6.52"]
[White "Saxena, Samidh"]
[Black "Nguyen, Lam Vy Le"]
[Result "0-1"]
[WhiteElo "1445"]
[BlackElo "1807"]
[PlyCount "132"]
[EventDate "2025.08.02"]
[EventType "swiss"]
[EventRounds "9"]
[EventCountry "GBR"]
[SourceTitle "BritBase"]
[Source "John Saunders"]
[SourceDate "2025.08.11"]
[SourceVersion "1"]
[SourceVersionDate "2025.08.11"]
[SourceQuality "1"]

1. e4 e5 2. Nf3 Nc6 3. Bc4 Bc5 4. c3 Nf6 5. d3 d6 6. h3 h6 7. Nbd2 O-O 8. Nf1 Ne7 9. Ng3 Ng6 10. O-O d5 11. exd5 Nxd5 12. Re1 Nb6 13. Bb3 c6 14. Nxe5 Nxe5 15. Rxe5 Bxf2+ 16. Kh2 Bxg3+ 17. Kxg3 Qf6 18. d4 Nd7 19. Re1 Qg6+ 20. Kh2 Qd6+ 21. Kh1 Nf6 22. Qf3 Be6 23. Bf4 Qd8 24. Be5 Nd7 25. Qg3 Nxe5 26. Rxe5 Bxb3 27. axb3 Qd6 28. Rae1 Rae8 29. Qe3 Rxe5 30. Qxe5 Qg6 31. Qe4 Qf6 32. Kg1 Qg5 33. Qe3 Qf5 34. Qe7 Qb5 35. b4 Qa6 36. Qc7 g6 37. Qa5 Qd3 38. Qxa7 Qd2 39. Qa1 Rd8 40. Qc1 Qxc1 41. Rxc1 Kf8 42. Re1 Ra8 43. Kf2 Ra2 44. Re2 Kg7 45. Kf3 Kf6 46. g4 Kg5 47. Kg3 f5 48. h4+ Kf6 49. Kf4 fxg4 50. Kxg4 Ra1 51. Rh2 Rg1+ 52. Kf3 Kf5 53. Rf2 h5 54. Ke3+ Kg4 55. Rf7 Kxh4 56. Rxb7 g5 57. Rc7 Re1+ 58. Kf2 Re6 59. c4 g4 60. Rh7 g3+ 61. Kg1 Re1+ 62. Kg2 Re2+ 63. Kg1 Rxb2 64. Rh6 Rxb4 65. Rg6 Rxc4 66. Kg2 Rxd4 0-1

[Event "GBR-ch111 Major Open"]
[Site "Liverpool"]
[Date "2025.08.07"]
[Round "6.53"]
[White "Mittal, Advik"]
[Black "Byrne, Colin J"]
[Result "1-0"]
[WhiteElo "1806"]
[BlackElo "1716"]
[PlyCount "85"]
[EventDate "2025.08.02"]
[EventType "swiss"]
[EventRounds "9"]
[EventCountry "GBR"]
[SourceTitle "BritBase"]
[Source "John Saunders"]
[SourceDate "2025.08.11"]
[SourceVersion "1"]
[SourceVersionDate "2025.08.11"]
[SourceQuality "1"]

1. d4 Nf6 2. Bf4 g6 3. e3 Bg7 4. h3 d6 5. Nf3 O-O 6. Be2 c5 7. c3 Qb6 8. Qb3 Nc6 9. Nbd2 Be6 10. Bc4 Bd7 11. Qxb6 axb6 12. O-O Rfe8 13. Bh2 e5 14. Rfd1 e4 15. Ne1 d5 16. Bb5 c4 17. Nc2 Na7 18. Bxd7 Nxd7 19. Nb4 Nf6 20. Be5 Red8 21. a4 Nc8 22. b3 cxb3 23. Nxb3 Ne8 24. Bxg7 Kxg7 25. Rdc1 Ne7 26. Nd2 Nc6 27. Nxc6 bxc6 28. c4 Rdc8 29. Rcb1 Rcb8 30. Rb4 Ra6 31. Rab1 Rba8 32. Rxb6 Rxb6 33. Rxb6 Rxa4 34. Rxc6 Ra1+ 35. Nf1 Nf6 36. f4 g5 37. cxd5 Nxd5 38. Rc5 Ne7 39. Rxg5+ Ng6 40. Kf2 f6 41. Rh5 Ra7 42. Ng3 Ne7 43. Nxe4 1-0

[Event "GBR-ch111 Major Open"]
[Site "Liverpool"]
[Date "2025.08.07"]
[Round "6.54"]
[White "Bartlett, Joel"]
[Black "Mize, Dylan"]
[Result "0-1"]
[WhiteElo "1858"]
[BlackElo "1791"]
[PlyCount "112"]
[EventDate "2025.08.02"]
[EventType "swiss"]
[EventRounds "9"]
[EventCountry "GBR"]
[SourceTitle "BritBase"]
[Source "John Saunders"]
[SourceDate "2025.08.11"]
[SourceVersion "1"]
[SourceVersionDate "2025.08.11"]
[SourceQuality "1"]

1. e4 c6 2. d4 d5 3. e5 Bf5 4. Nf3 e6 5. Be2 Nd7 6. O-O h6 7. a4 Ne7 8. Nbd2 g5 9. Nb3 Bg7 10. Bd2 O-O 11. a5 c5 12. Nxc5 Nxc5 13. dxc5 Nc6 14. a6 b6 15. cxb6 Qxb6 16. Bc3 Bg4 17. Re1 Rfd8 18. Ra4 Bxf3 19. Bxf3 Rac8 20. b3 Rd7 21. Re2 Qc7 22. Qe1 Qb6 23. Bb2 Ne7 24. Bd4 Qb8 25. Rb4 Qa8 26. Ra4 Nf5 27. Bb2 Qb8 28. Qb4 Qc7 29. g3 Bf8 30. Qd2 Qb6 31. Bg4 Ne7 32. h4 gxh4 33. gxh4 Rdc7 34. Qd3 Ng6 35. h5 Ne7 36. Bd4 Qc6 37. Qg3 Bg7 38. Be3 Kh8 39. Bh3 Qb5 40. Bf1 Nf5 41. Qf4 Qd7 42. Ra2 Rg8 43. Bg2 Bf8 44. Kh1 Be7 45. Qa4 Qc8 46. Bh3 Nxe3 47. fxe3 Bg5 48. Qb5 Be7 49. e4 dxe4 50. Qa4 Rc3 51. Bg2 Qd8 52. Ra1 Rcg3 53. Qa5 Qd4 54. Rae1 e3 55. Qa4 Bb4 56. Qa1 Bc3 0-1

[Event "GBR-ch111 Major Open"]
[Site "Liverpool"]
[Date "2025.08.07"]
[Round "6.55"]
[White "Chantrell, Paul"]
[Black "Clerc, Oceane"]
[Result "1-0"]
[WhiteElo "1768"]
[BlackElo "1844"]
[PlyCount "91"]
[EventDate "2025.08.02"]
[EventType "swiss"]
[EventRounds "9"]
[EventCountry "GBR"]
[SourceTitle "BritBase"]
[Source "John Saunders"]
[SourceDate "2025.08.11"]
[SourceVersion "1"]
[SourceVersionDate "2025.08.11"]
[SourceQuality "1"]

1. e4 c5 2. Nf3 e6 3. d4 cxd4 4. Nxd4 Nf6 5. Nc3 Nc6 6. Ndb5 Bb4 7. a3 Bxc3+ 8. Nxc3 d5 9. exd5 exd5 10. Bd3 O-O 11. O-O d4 12. Ne2 Qb6 13. Ng3 Bg4 14. f3 Be6 15. Re1 Na5 16. b3 Nd5 17. Bd2 Rfe8 18. Kh1 Rac8 19. Qe2 Re7 20. Qe4 Nf6 21. Qh4 Ree8 22. Bg5 Rc3 23. Bxf6 gxf6 24. Qh6 Rc5 25. Bxh7+ Kh8 26. b4 Rg5 27. Qxf6+ Kxh7 28. Qxg5 Rg8 29. Qh5+ Kg7 30. bxa5 Qc7 31. Qe5+ Qxe5 32. Rxe5 Kf6 33. Rb5 Rc8 34. Ne4+ Kg6 35. Rg5+ Kh6 36. Rc5 Rd8 37. Rb1 d3 38. Rd1 b6 39. axb6 axb6 40. Rc3 Re8 41. cxd3 b5 42. Rc5 Ra8 43. Rxb5 Rxa3 44. Rb6 Kg7 45. Rxe6 fxe6 46. h4 1-0

[Event "GBR-ch111 Major Open"]
[Site "Liverpool"]
[Date "2025.08.07"]
[Round "6.56"]
[White "Railwani, Tavish"]
[Black "Blinkhorn, Joshua"]
[Result "0-1"]
[WhiteElo "1714"]
[BlackElo "1838"]
[PlyCount "58"]
[EventDate "2025.08.02"]
[EventType "swiss"]
[EventRounds "9"]
[EventCountry "GBR"]
[SourceTitle "BritBase"]
[Source "John Saunders"]
[SourceDate "2025.08.11"]
[SourceVersion "1"]
[SourceVersionDate "2025.08.11"]
[SourceQuality "1"]

1. e4 e5 2. Nf3 Nc6 3. Bc4 Nf6 4. d3 Be7 5. c3 O-O 6. O-O d5 7. exd5 Nxd5 8. Re1 Bg4 9. h3 Bh5 10. g4 Bg6 11. Nxe5 Nxe5 12. Rxe5 c6 13. Bxd5 cxd5 14. Qf3 d4 15. c4 Bd6 16. Re1 Kh8 17. Na3 f5 18. g5 f4 19. h4 h6 20. Nb5 Be7 21. Qxb7 Rf7 22. Qc6 Bxd3 23. Qe6 Qf8 24. g6 Rf6 25. Qxe7 Rxg6+ 26. Kh2 Qf5 27. Bd2 Rg2+ 28. Kxg2 Qg4+ 29. Kh2 Bf5 0-1

[Event "GBR-ch111 Major Open"]
[Site "Liverpool"]
[Date "2025.08.07"]
[Round "6.57"]
[White "Cann, Arthur"]
[Black "Keen, Maya"]
[Result "1-0"]
[WhiteElo "1677"]
[BlackElo "1805"]
[PlyCount "89"]
[EventDate "2025.08.02"]
[EventType "swiss"]
[EventRounds "9"]
[EventCountry "GBR"]
[SourceTitle "BritBase"]
[Source "John Saunders"]
[SourceDate "2025.08.11"]
[SourceVersion "1"]
[SourceVersionDate "2025.08.11"]
[SourceQuality "1"]

1. d4 d5 2. c4 c6 3. cxd5 cxd5 4. Nc3 Nf6 5. Bf4 Nc6 6. e3 a6 7. Bd3 e6 8. Rc1 Bd6 9. Bxd6 Qxd6 10. f4 b5 11. Nf3 Bb7 12. O-O O-O 13. Ne5 Rac8 14. g4 Ne7 15. Qf3 b4 16. Ne2 Ne4 17. Bxe4 dxe4 18. Qg2 Bd5 19. b3 Ng6 20. Qf2 a5 21. Nxg6 fxg6 22. g5 a4 23. Rxc8 Rxc8 24. Rc1 Rc7 25. Qe1 Ra7 26. Rc5 Qb6 27. Nc1 axb3 28. axb3 Ra1 29. Qd1 Ra7 30. Qc2 h6 31. h4 h5 32. Kh2 Kh7 33. Qe2 Qa6 34. Rc2 Qxe2+ 35. Rxe2 Ra1 36. Na2 Bxb3 37. Nxb4 Bc4 38. Rc2 Bf1 39. Kg3 Rb1 40. Kf2 Bh3 41. Kg3 Bg4 42. Nc6 Rh1 43. Ne5 Rh3+ 44. Kg2 Bf5 45. Rc8 1-0

[Event "GBR-ch111 Major Open"]
[Site "Liverpool"]
[Date "2025.08.07"]
[Round "6.58"]
[White "Ursu, Alexander"]
[Black "Islam, Mohammed"]
[Result "0-1"]
[WhiteElo "1636"]
[BlackElo "1803"]
[PlyCount "48"]
[EventDate "2025.08.02"]
[EventType "swiss"]
[EventRounds "9"]
[EventCountry "GBR"]
[SourceTitle "BritBase"]
[Source "John Saunders"]
[SourceDate "2025.08.11"]
[SourceVersion "1"]
[SourceVersionDate "2025.08.11"]
[SourceQuality "1"]

1. d4 d5 2. c4 e6 3. Nc3 Nf6 4. cxd5 exd5 5. Bg5 Nbd7 6. e3 c6 7. Bd3 Bd6 8. Rb1 O-O 9. Qc2 Qc7 10. a3 Re8 11. h3 h6 12. Bxf6 Nxf6 13. Nf3 Qe7 14. O-O Ne4 15. Bxe4 dxe4 16. Nd2 Bxh3 17. Ncxe4 Bf5 18. f3 Qh4 19. Rfc1 Re6 20. Nc4 Bg3 21. Qd1 Bxe4 22. fxe4 Rf6 23. Qf3 Rxf3 24. gxf3 Qh2+ 0-1